| 000 -LEADER |
| fixed length control field |
00878cam a2200229 a 4500 |
| 003 - CONTROL NUMBER IDENTIFIER |
| control field |
OSt |
| 005 - DATE AND TIME OF LATEST TRANSACTION |
| control field |
20200521134830.0 |
| 008 - FIXED-LENGTH DATA ELEMENTS--GENERAL INFORMATION |
| fixed length control field |
000222s2003 nyuae 001 0 eng d |
| 020 ## - INTERNATIONAL STANDARD BOOK NUMBER |
| International Standard Book Number |
9780847821860 |
| 082 ## - DEWEY DECIMAL CLASSIFICATION NUMBER |
| Classification number |
711DUA |
| 100 1# - MAIN ENTRY--PERSONAL NAME |
| Personal name |
Duany, Andres. |
| 245 14 - TITLE STATEMENT |
| Title |
The new civic art : |
| Remainder of title |
elements of town planning / |
| Statement of responsibility, etc |
Andrés Duany, Elizabeth Plater-Zyberk and Robert Alminana ; contributions by Jean-François Lejeune ... [et al.]. |
| 260 ## - PUBLICATION, DISTRIBUTION, ETC. (IMPRINT) |
| Place of publication, distribution, etc |
New York : |
| Name of publisher, distributor, etc |
Rizzoli, |
| Date of publication, distribution, etc |
2003. |
| 300 ## - PHYSICAL DESCRIPTION |
| Extent |
384 p. : |
| Other physical details |
ill. (some col.), plans ; |
| Dimensions |
31 cm. |
| 500 ## - GENERAL NOTE |
| General note |
Includes index. |
| 505 0# - FORMATTED CONTENTS NOTE |
| Formatted contents note |
The order of the region -- The transformation of urbanism -- The pattern of urbanism -- The public realm -- The private realm -- Design at all scales. |
| 650 #0 - SUBJECT ADDED ENTRY--TOPICAL TERM |
| Topical term or geographic name as entry element |
Art, Municipal. |
| 650 #0 - SUBJECT ADDED ENTRY--TOPICAL TERM |
| Topical term or geographic name as entry element |
City planning. |
| 700 1# - ADDED ENTRY--PERSONAL NAME |
| Personal name |
Plater-Zyberk, Elizabeth. |
| 700 1# - ADDED ENTRY--PERSONAL NAME |
| Personal name |
Alminana, Robert. |
| 942 ## - ADDED ENTRY ELEMENTS (KOHA) |
| Source of classification or shelving scheme |
|